logo

Bir Sreshtho Munshi Abdur Rouf Library
Jhenaidah Cadet College

বিপ্ললব দেশে দেশে / (Record no. 8752)

MARC details
000 -LEADER
fixed length control field 00663nam a2200217 a 4500
001 - CONTROL NUMBER
JCCL Control Number 8752
003 - CONTROL NUMBER IDENTIFIER
JCCL marc code BD-JhCC
005 - DATE AND TIME OF LATEST TRANSACTION
control field 20180303180002.0
008 - FIXED-LENGTH DATA ELEMENTS--GENERAL INFORMATION
fixed length control field 180303s1389 bg a|||| ||a| 000 0 ben d
035 ## - SYSTEM CONTROL NUMBER
system control number (BD-JhCC)8752
040 ## - CATALOGING SOURCE
Original cataloging agency BD-JhCC
Modifying agency BD-JhCC
041 ## - LANGUAGE CODE
Language code of Book ben
082 ## - DEWEY DECIMAL CLASSIFICATION NUMBER
Classification number 320
Author mark and Year GHS 1389
100 ## - MAIN ENTRY--PERSONAL NAME
Personal name ঘোষ,নির্মল.
245 ## - TITLE STATEMENT
Title বিপ্ললব দেশে দেশে /
Statement of responsibility, etc নির্মল ঘোষ.
260 ## - PUBLICATION, DISTRIBUTION, ETC. (IMPRINT)
Place of publication, distribution, etc চট্টগ্রাম:
Name of publisher, distributor, etc শিশু সাহিত্য বিতান;
Date of publication, distribution, etc 1389.
300 ## - PHYSICAL DESCRIPTION
Pagination 89 p. :
Other physical details ill;
Dimensions 24 cm.
651 ## - SUBJECT ADDED ENTRY--GEOGRAPHIC NAME
Geographic name Revolution Political Sciene.
942 ## - ADDED ENTRY ELEMENTS (KOHA)
Source of classification or shelving scheme Library of Congress Classification
Koha item type Books
Holdings
Source of classification or shelving scheme Damaged status Not for loan Home library Current library Shelving location Date of accession Cost, normal purchase price Total Checkouts Full call number Barcode Date last seen Copy number Koha item type
Dewey Decimal Classification     JCC Rouf Library JCC Rouf Library General Stacks 03/03/2018 12.00   320 GHS 1389 3942 03/03/2018 C-1 Books

JCC Library | Contacts | JCC Home

Last Update on 23 September 2017
Copyright @ 2017-2020 JCC Rouf Library
Rouf Library, Jhenidah Cadet College (JCC), Bangladesh